Evaluación de la calidad de la enseñanza aprendizaje en la universidad

Guardat en:
Dades bibliogràfiques
Autors principals: Reta de Rosas, A. M (Autor), Montbrum, M. C (Autor), López, M. J (Autor), Corradini de Pérez, L (Autor), Predovic, M. P (Autor), Blas, I. M (Autor)
Format: Llibre
Idioma:espanyol
Publicat: Mendoza Universidad Nacional de Cuyo 1999
Matèries:
Etiquetes: Afegir etiqueta
Sense etiquetes, Sigues el primer a etiquetar aquest registre!

MARC

LEADER 00000nam a2200000 a 4500
001 UCP6055
003 CL-VaPUC
008 991008e19990000AG |||||||||||||||||spa|d
082 0 4 |a 378.01  |b RET  |2 21 
100 0 |a Reta de Rosas, A. M  |e author  |9 494209 
700 0 |a Montbrum, M. C  |e author  |9 494210 
700 0 |a López, M. J  |e author  |9 494211 
700 0 |a Corradini de Pérez, L  |e author  |9 494212 
700 0 |a Predovic, M. P  |e author  |9 494213 
700 0 |a Blas, I. M  |e author  |9 494214 
245 1 0 |a Evaluación de la calidad de la enseñanza aprendizaje en la universidad 
300 |a 60 p 
942 |c BK 
945 |d 19991008 00:00:00  |a rbrito 
260 |a Mendoza  |b Universidad Nacional de Cuyo  |c 1999 
650 0 |a Educación superior   |9 223851 
650 0 |a Calidad de la educación   |9 307271 
650 0 |a Evaluación de la educación   |9 237505 
583 |a last modification  |c 19991008 00:00:00  |k Rodrigo Vera 
999 |c 313968  |d 313966 
952 |0 0  |1 0  |4 0  |6 378_010000000000000_RET_1999  |7 0  |8 P  |9 385809  |a BIBEDU  |b BIBEDU  |c BIBEDU_PB  |d 2019-11-22  |i 3569276  |o 378.01 RET 1999  |p 3569276  |r 2024-01-25  |w 2019-11-22  |y BK  |k EDU